1494 1708 1639 1683 1969 1331 1367 1745 1885 1967 1695 1472 1826 1913 1793 1745 1379 1411 1007 1270 1450 1062 1510 1022 1149 1623 1043 1826 1313 1691 1108 1392 1889 1504 1897 1874 1375 1163 1743 1279 1175 1736 1998 1088 1299 1417 1215 1895 1612 1001 1171 1855 1810 1431 1204 1444 1614 1599 1742 1922 1466 1449 1147 1787 1742 1266 1663 1460 1139 1024 1602 1725 1649 1827 1010 1432 1086 1158 1224 1993 1733 1879 1380 1868 1230 1864 1361 1047 1912 1401 1622 1398 1714 1943 1502 1905 1193 1630 1122 BCNSPRNW ULIB Ver.6.0+V

เปลี่ยนเป็นภาษาไทย

Change to English
 แสดงรายละเอียดบรรณานุกรม
  กลับหน้าหลัก

Brief Record : Get Marc (ISO 2709) : E-mail record : QR code < ปิดหน้าต่าง
LEADER : 00000nam 2200000uu 4500
001    13399124925
003     ULIB
008    160517s2558||||th 000 0 tha d
020    ^a9786163946706
060 04 ^aQZ4^bพ218
245 00 ^aพยาธิสรีรวิทยาทางการพยาบาล =^bPathophysiology in nursing /^cโดย พัสมณฑ์ คุ้มทวีพร ... [และคนอื่น ๆ]
246 31 ^aPathophysiology in nursing.
250    ^aพิมพ์ครั้งที่ 1.
260    ^aกรุงเทพฯ :^bภาควิชาการพยาบาลรากฐาน คณะพยาบาลศาสตร์ มหาวิทยาลัยมหิดล,^c2558.
300    ^a411 หน้า :^bภาพประกอบ ;^c26 ซม.
650  4 ^aสรีรวิทยา
650  4 ^aพยาธิวิทยา
650  4 ^aเซลล์วิทยา
700 0  ^aวีนัส ลีฬหกุล
700 0  ^aวิไลวรรณ ทองเจริญ
700 0  ^aจันทนา รณฤทธิวิชัย
700 0  ^aพัสมณฑ์ คุ้มทวีพร
710 2  ^aมหาวิทยาลัยมหิดล. ^bคณะพยาบาลศาสตร์. ^bภาควิชาการพยาบาลรากฐาน
945    ^p500^l0^i005713
945    ^p500^l0^i005198
945    ^p500^l0^i005200
945    ^p500^l0^i005717
945    ^p500^l0^i005716
945    ^p500^l0^i005715
945    ^p500^l0^i005199
945    ^p500^l0^i005714
945    ^p500^l0^i000788
945    ^p500^l0^i000789
945    ^p500^l0^i000790
945    ^p500^l0^i000791
945    ^p500^l0^i000792
945    ^p500^l0^i000793
945    ^p500^l0^i000794
945    ^p500^l0^i000795
999    ^aเกษร โพธิ์สุวรรณ
รายการนี้ยังไม่มีแท็ก
คุณยังไม่ได้ล็อกอิน คุณสามารถมีกิจกรรมร่วมกับเว็บไซต์ได้ แต่ต้องล็อกอินก่อน ::
  ล็อกอิน

รายการสื่อสารสนเทศ

ลำดับที่ ประเภท เลขเรียก/บาร์โค้ด สถานที่ สถานะ
1. วิทยาศาสตร์การแพทย์ และสุขภาพ
วิทยาศาสตร์การแพทย์ และสุขภาพ
สถานะ=หนังสือเก่า
QZ4 พ218 ฉ.1 
  Barcode: 000788
ห้องสมุดวิทยาเขตสวรรค์ประชารักษ์
►ส่วนจัดเก็บหนังสือเก่า สปร
บนชั้น
  ขอยืม
2. วิทยาศาสตร์การแพทย์ และสุขภาพ
วิทยาศาสตร์การแพทย์ และสุขภาพ
QZ4 พ218 ฉ.10 
  Barcode: 005199
ห้องสมุดวิทยาเขตสวรรค์ประชารักษ์
►หนังสือทั่วไป
บนชั้น
3. วิทยาศาสตร์การแพทย์ และสุขภาพ
วิทยาศาสตร์การแพทย์ และสุขภาพ
QZ4 พ218 ฉ.11 
  Barcode: 005200
ห้องสมุดวิทยาเขตสวรรค์ประชารักษ์
►หนังสือทั่วไป
ถูกยืม กำหนดส่งวันที่ 10 พฤศจิกายน 2568
  จอง
4. วิทยาศาสตร์การแพทย์ และสุขภาพ
วิทยาศาสตร์การแพทย์ และสุขภาพ
สถานะ=หนังสือเก่า
QZ4 พ218 ฉ.12 
  Barcode: 005713
ห้องสมุดวิทยาเขตสวรรค์ประชารักษ์
►ส่วนจัดเก็บหนังสือเก่า สปร
บนชั้น
  ขอยืม
5. วิทยาศาสตร์การแพทย์ และสุขภาพ
วิทยาศาสตร์การแพทย์ และสุขภาพ
สถานะ=หนังสือเก่า
QZ4 พ218 ฉ.13 
  Barcode: 005714
ห้องสมุดวิทยาเขตสวรรค์ประชารักษ์
►ส่วนจัดเก็บหนังสือเก่า สปร
บนชั้น
  ขอยืม
6. วิทยาศาสตร์การแพทย์ และสุขภาพ
วิทยาศาสตร์การแพทย์ และสุขภาพ
สถานะ=หนังสือเก่า
QZ4 พ218 ฉ.14 
  Barcode: 005715
ห้องสมุดวิทยาเขตสวรรค์ประชารักษ์
►ส่วนจัดเก็บหนังสือเก่า สปร
บนชั้น
  ขอยืม
7. วิทยาศาสตร์การแพทย์ และสุขภาพ
วิทยาศาสตร์การแพทย์ และสุขภาพ
สถานะ=หนังสือเก่า
QZ4 พ218 ฉ.15 
  Barcode: 005716
ห้องสมุดวิทยาเขตสวรรค์ประชารักษ์
►ส่วนจัดเก็บหนังสือเก่า สปร
บนชั้น
  ขอยืม
8. วิทยาศาสตร์การแพทย์ และสุขภาพ
วิทยาศาสตร์การแพทย์ และสุขภาพ
สถานะ=หนังสือเก่า
QZ4 พ218 ฉ.16 
  Barcode: 005717
ห้องสมุดวิทยาเขตสวรรค์ประชารักษ์
►ส่วนจัดเก็บหนังสือเก่า สปร
บนชั้น
  ขอยืม
9. วิทยาศาสตร์การแพทย์ และสุขภาพ
วิทยาศาสตร์การแพทย์ และสุขภาพ
QZ4 พ218 ฉ.2 
  Barcode: 000789
ห้องสมุดวิทยาเขตสวรรค์ประชารักษ์
►หนังสือทั่วไป
บนชั้น
10. วิทยาศาสตร์การแพทย์ และสุขภาพ
วิทยาศาสตร์การแพทย์ และสุขภาพ
สถานะ=หนังสือเก่า
QZ4 พ218 ฉ.3 
  Barcode: 000790
ห้องสมุดวิทยาเขตสวรรค์ประชารักษ์
►ส่วนจัดเก็บหนังสือเก่า สปร
บนชั้น
  ขอยืม
11. วิทยาศาสตร์การแพทย์ และสุขภาพ
วิทยาศาสตร์การแพทย์ และสุขภาพ
สถานะ=หนังสือเก่า
QZ4 พ218 ฉ.4 
  Barcode: 000791
ห้องสมุดวิทยาเขตสวรรค์ประชารักษ์
►ส่วนจัดเก็บหนังสือเก่า สปร
บนชั้น
  ขอยืม
12. วิทยาศาสตร์การแพทย์ และสุขภาพ
วิทยาศาสตร์การแพทย์ และสุขภาพ
สถานะ=หนังสือเก่า
QZ4 พ218 ฉ.5 
  Barcode: 000792
ห้องสมุดวิทยาเขตสวรรค์ประชารักษ์
►ส่วนจัดเก็บหนังสือเก่า สปร
บนชั้น
  ขอยืม
13. วิทยาศาสตร์การแพทย์ และสุขภาพ
วิทยาศาสตร์การแพทย์ และสุขภาพ
สถานะ=หนังสือเก่า
QZ4 พ218 ฉ.6 
  Barcode: 000793
ห้องสมุดวิทยาเขตสวรรค์ประชารักษ์
►ส่วนจัดเก็บหนังสือเก่า สปร
บนชั้น
  ขอยืม
14. วิทยาศาสตร์การแพทย์ และสุขภาพ
วิทยาศาสตร์การแพทย์ และสุขภาพ
สถานะ=หนังสือเก่า
QZ4 พ218 ฉ.7 
  Barcode: 000794
ห้องสมุดวิทยาเขตสวรรค์ประชารักษ์
►ส่วนจัดเก็บหนังสือเก่า สปร
บนชั้น
  ขอยืม
15. วิทยาศาสตร์การแพทย์ และสุขภาพ
วิทยาศาสตร์การแพทย์ และสุขภาพ
สถานะ=หนังสือเก่า
QZ4 พ218 ฉ.8 
  Barcode: 000795
ห้องสมุดวิทยาเขตสวรรค์ประชารักษ์
►ส่วนจัดเก็บหนังสือเก่า สปร
บนชั้น
  ขอยืม
16. วิทยาศาสตร์การแพทย์ และสุขภาพ
วิทยาศาสตร์การแพทย์ และสุขภาพ
สถานะ=หนังสือเก่า
QZ4 พ218 ฉ.9 
  Barcode: 005198
ห้องสมุดวิทยาเขตสวรรค์ประชารักษ์
►ส่วนจัดเก็บหนังสือเก่า สปร
บนชั้น
  ขอยืม

รายการใกล้เคียง
    หัวเรื่อง [สรีรวิทยา]
    หัวเรื่อง [พยาธิวิทยา]
    หัวเรื่อง [เซลล์วิทยา]

BibComment


ยังไม่เคยถูกคอมเมนท์

คอมเมนท์ทรัพยากรรายการนี้
  คอมเมนท์: พยาธิสรีรวิทยาทา..


 Copyright 2026. Bcnsprnw @Library